Geografía crítica e histórica de la Edad Antigua y principalmente de España / (Record no. 64941)

MARC details
000 -LEADER
campo de control de longitud fija 00751nam a2200193 i 4500
001 - NÚMERO DE CONTROL
campo de control 64941
003 - IDENTIFICADOR DE NÚMERO DE CONTROL
campo de control ES-MaACL
005 - FECHA Y HORA DE LA ÚLTIMA TRANSACCIÓN
campo de control 20250814065537.0
007 - CAMPO FIJO DE DESCRIPCIÓN FÍSICA--INFORMACIÓN GENERAL
campo de control de longitud fija t|
008 - DATOS DE LONGITUD FIJA--INFORMACIÓN GENERAL
campo de control de longitud fija 040107s1910 sp ||||1| spa d
100 1# - ENTRADA PRINCIPAL--NOMBRE DE PERSONA
Nombre de persona Fournier González, Gervasio.
9 (RLIN) 202793
245 10 - MENCIÓN DEL TÍTULO
Título Geografía crítica e histórica de la Edad Antigua y principalmente de España /
Mención de responsabilidad, etc. publicada por el Ministerio de Instrucción Pública y Bellas Artes bajo la dirección de su autor, Gervasio Fournier-González.
260 ## - PUBLICACIÓN, DISTRIBUCIÓN, ETC.
Lugar de publicación, distribución, etc. Madrid :
Nombre del editor, distribuidor, etc. J. Palacios,
Fecha de publicación, distribución, etc. 1910.
300 ## - DESCRIPCIÓN FÍSICA
Extensión 1 v. : lám. 1-58 . :
Otras características físicas il. ;
Dimensiones 31 cm.
650 07 - PUNTO DE ACCESO ADICIONAL DE MATERIA--TÉRMINO DE MATERIA
Término de materia o nombre geográfico como elemento de entrada Geografía histórica
Fuente del encabezamiento o término embne
9 (RLIN) 136174
651 #4 - PUNTO DE ACCESO ADICIONAL DE MATERIA--NOMBRE GEOGRÁFICO
Nombre geográfico España-
Subdivisión general Geografía histórica.
9 (RLIN) 141109
852 ## - LOCALIZACIÓN
Ubicación ES-MaACL
Número de control de estantería G-5590
Holdings
Estatus retirado Estado de pérdida Estado de daño No para préstamo Biblioteca de origen Biblioteca actual Ubicación en estantería Fecha de adquisición Fuente de adquisición Total de préstamos Signatura topográfica completa Código de barras Visto por última vez Precio de reemplazo Tipo de ítem Koha
        Biblioteca del Ateneo de Madrid Biblioteca del Ateneo de Madrid Depósito 2 17/01/2008     G-5590 1068044 23/02/2023 23/02/2023 Libro impreso